| 000 | 00774nam a2200253Ia 4500 | ||
|---|---|---|---|
| 003 | OSt | ||
| 005 | 20220918170112.0 | ||
| 006 | a|||||r|||| 00| 0 | ||
| 007 | ta | ||
| 008 | 220917b |||||||| |||| 00| 0 eng d | ||
| 020 |
_a8190196421 (hbk) _c500 |
||
| 024 | _a267,582 | ||
| 037 |
_b074, 06/08/2012, University Book House _cTextual |
||
| 040 |
_aARTS _cARTS _beng |
||
| 041 |
_2eng _aeng |
||
| 082 | _aY:1.21, P4 | ||
| 100 |
_aThirumali Inukonda Ed. _927024 |
||
| 245 | 0 |
_aSouth India _b Regions, cultures and sagas |
|
| 260 |
_aNew Delhi _bBibliomatrix India _c2004 |
||
| 300 |
_axiv,250p. _ccm. |
||
| 650 | _aSOCIOLOGY | ||
| 942 |
_hY:1.21, P4 _cTEXL _2CC |
||
| 999 |
_c132558 _d132558 |
||